000 00500nam a2200169Ia 4500
999 _c12109
_d12109
003 OSt
005 20201015104508.0
008 190216s9999||||xx |||||||||||||| ||und||
040 _coclc
082 _a822.33
_bCLE/D
100 _aClemen, Wolfgang H
_95056
245 4 _aThe Development Of Shakespear`s Imagery /
_cWolfgang H Clemen
260 _bMethuen & Co,
_c1951.
_aBombay:
300 _a236p
650 _aEnglish Drama
942 _cBK
_2ddc
_h822.38
_iCLE/D
_k822.38
_mCLE/D